Los comunistas franceses / (Registro nro. 87545)

Detalles MARC
000 -LEADER
campo de control de longitud fija 00588nam a2200205 i 4500
001 - NÚMERO DE CONTROL
campo de control 87545
003 - IDENTIFICADOR DE NÚMERO DE CONTROL
campo de control ES-MaACL
005 - FECHA Y HORA DE LA ÚLTIMA TRANSACCIÓN
campo de control 20230906175706.0
007 - CAMPO FIJO DE DESCRIPCIÓN FÍSICA--INFORMACIÓN GENERAL
campo de control de longitud fija t|
008 - DATOS DE LONGITUD FIJA--INFORMACIÓN GENERAL
campo de control de longitud fija 041222s1978 sp ||||1| spa d
100 1# - ENTRADA PRINCIPAL--NOMBRE DE PERSONA
Nombre de persona Kriegel, Annie.
9 (RLIN) 68843
245 14 - MENCIÓN DEL TÍTULO
Título Los comunistas franceses /
Mención de responsabilidad, etc. Annie Kriegel ; [traducción, Francesc Pallarés].
260 ## - PUBLICACIÓN, DISTRIBUCIÓN, ETC.
Lugar de publicación, distribución, etc. [Madrid] :
Nombre del editor, distribuidor, etc. Villalar,
Fecha de publicación, distribución, etc. [1978]
300 ## - DESCRIPCIÓN FÍSICA
Extensión 389 p. ;
Dimensiones 19 cm.
490 1# - MENCIÓN DE SERIE
Mención de serie Simmerwald
700 1# - ENTRADA AGREGADA--NOMBRE PERSONAL
Nombre de persona Pallarés, Francesc.
9 (RLIN) 88572
830 0# - PUNTO DE ACCESO ADICIONAL DE SERIE-TÍTULO UNIFORME
Título uniforme Simmerwald
9 (RLIN) 231789
852 ## - LOCALIZACIÓN
Ubicación ES-MaACL
Número de control de estantería A-8618
Sublocalización o colección R.97694
Existencias
Estatus retirado Estado de pérdida Estado de daño No para préstamo Biblioteca de origen Biblioteca actual Ubicación en estantería Fecha de adquisición Fuente de adquisición Total de préstamos Signatura topográfica completa Código de barras Visto por última vez Precio de reemplazo Tipo de ítem Koha
        Biblioteca del Ateneo de Madrid Biblioteca del Ateneo de Madrid Depósito 1 17/01/2008     A-8618 1091461 23/02/2023 23/02/2023 Libro impreso